Penyelarasan proses perkahwinan dalam undang-undang keluarga Islam : kajian khusus di Malaysia dan Indonesia /
Saved in:
| Main Author: | |
|---|---|
| Format: | Thesis |
| Language: | English |
| Published: |
Petaling Jaya
: Universiti Islam Antarabangsa Malaysia,
1993
|
| Subjects: | |
| Online Access: | Click here to view 1st 24 pages of the thesis. Members can view fulltext at the specified PCs in the library. |
| Tags: |
Add Tag
No Tags, Be the first to tag this record!
|
| LEADER | 016810000a22003250004500 | ||
|---|---|---|---|
| 001 | 71073 | ||
| 005 | 20100208094400.0 | ||
| 008 | 930826s1993 eng | ||
| 035 | |a 261719 | ||
| 035 | |a (Sirsi) 71073 | ||
| 040 | |a UIAM |b eng | ||
| 049 | |b m | ||
| 050 | |a BP158.5K13 | ||
| 100 | 1 | |a Abdul Halim Azizi bin Abd. Rahman | |
| 245 | 1 | 0 | |a Penyelarasan proses perkahwinan dalam undang-undang keluarga Islam : |b kajian khusus di Malaysia dan Indonesia / |c oleh Abdul Halim Azizi bin Haji Abd. Rahman |
| 260 | 1 | |a Petaling Jaya |b : Universiti Islam Antarabangsa Malaysia, |c 1993 | |
| 300 | |a 89 p. | ||
| 502 | |a (D.A.I.J.)--Universiti Islam Antarabangsa Malaysia, 1993. | ||
| 596 | |a 1 | ||
| 650 | 0 | |a Marriage (Islamic law) |z Malaysia | |
| 650 | 0 | |a Marriage (Islamic law) |z Indonesia | |
| 655 | 0 | 7 | |a Theses, IIUM local |
| 690 | 0 | |a Dissertations, Academic |x Kulliyyah of laws |z IIUM | |
| 710 | 2 | |a International Islamic University Malaysia. |b Kulliyyah of Laws | |
| 856 | 4 | |u http://studentrepo.iium.edu.my/handle/123456789/1745 |z Click here to view 1st 24 pages of the thesis. Members can view fulltext at the specified PCs in the library. | |
| 900 | |a bal-naw | ||
| 999 | |c 430301 |d 461792 | ||
| 952 | |0 0 |6 LU T BP158.5K13A1352P 1993 |7 0 |8 THESES |9 749491 |a IIUM |b IIUM |c CLOSEACCES |g 0.00 |o lu t BP158.5K13A1352P 1993 |p 00000262945 |r 2017-10-24 |t 1 |v 0.00 |y THESIS | ||
| 952 | |0 0 |6 T BP 000158.5 K13A1352P 1993 |7 0 |8 THESES |9 749492 |a IIUM |b IIUM |c MULTIMEDIA |g 0.00 |o t BP158.5K13A1352P 1993 |p 00010981754 |r 2017-10-17 |t 2 |v 0.00 |y THESIS | ||
| 952 | |0 0 |6 TS CDF BP158.5K13A1352P 1993 |7 0 |8 THESES |9 789314 |a IIUM |b IIUM |c MULTIMEDIA |g 0.00 |o ts cdf BP158.5K13A1352P 1993 |p 00010983520 |r 2017-10-26 |t 1 |v 0.00 |y THESISDIG | ||
